[Event "Match"]
[Site "www.echecsemail.com"]
[Date "2017.07.08"]
[Round "1"]
[White "Krystek23"]
[Black "Wd40"]
[WhiteElo "2350"]
[BlackElo "2400"]
[Result "0-1"]
[Round "1"]
1.c4 e5
2.Nb1c3 Ng8f6
3.d3 Nb8c6
4.Ng1f3 d5
5.cxd5 Nf6xd5
6.g3 Bf8e7
7.Bf1g2 Nd5b6
8.O-O O-O
9.a3 Bc8e6
10.b4 a5
11.b5 Nc6d4
12.Nf3d2 c6
13.a4 Be7b4
14.Bc1b2 Be6g4
15.Nd2f3 c5
16.Ra1c1 Rf8e8
17.Nf3d2 Bb4xc3
18.Bb2xc3 Nd4xe2
19.Kh1 Ne2xg3
20.hxg3 Bg4xd1
21.Rf1xd1 Qd8xd3
22.Nd2f1 Qd3e2
23.Kg1 Nb6xa4
24.Bc3a1 e4
25.Nf1e3 Qe2xb5
26.Bg2f1 Qb5c6
27.Rc1b1 Ra8d8
28.Rd1c1 Rd8d3
29.Rc1e1 c4
30.Ne3xc4 Qc6xc4
31.Rb1c1 Qc4d5
32.Bf1xd3 Qd5xd3
33.Rc1d1 Qd3f3
34.Rd1d4 f5
35.Rd4d7 e3
36.Rd7xg7 Kf8
37.fxe3 Re8xe3
38.Re1f1 Qf3e4
39.Ba1f6 Re3e2
40.Rf1f2 Qe4e3
41.Bf6d4 Qe3xd4
{ resign }
0-1

[Event "Match"]
[Site "www.echecsemail.com"]
[Date "2017.07.08"]
[Round "1"]
[White "Cal"]
[Black "Olivia"]
[WhiteElo "1670"]
[BlackElo "999"]
[Result "1-0"]
[Round "1"]
1.Nb1c3 e5
2.e4 Ng8f6
3.a3 d5
4.exd5 Nf6xd5
5.Nc3e4 Nb8c6
6.d3 Nc6d4
7.c3 Nd4f5
8.h3 Bf8c5
9.Ng1f3 Qd8e7
10.Bc1g5 Nd5f6
11.b4 Bc5b6
12.Bf1e2 Qe7e6
13.Bg5xf6  { time }
1-0

[Event "Match"]
[Site "www.echecsemail.com"]
[Date "2017.07.08"]
[Round "1"]
[White "Pforjan"]
[Black "Iko"]
[WhiteElo "1499"]
[BlackElo "1600"]
[Result "1-0"]
[Round "1"]
1.e4 e5
2.Ng1f3 d6
3.d4 Bc8g4
4.dxe5 Bg4xf3
5.Qd1xf3 dxe5
6.Bf1c4 Nb8c6
7.Qf3xf7 
1-0

[Event "Tourn. n9423"]
[Site "www.chess-mail.com"]
[Date "2017.07.09"]
[Round "1"]
[White "Astroboy"]
[Black "Abuelo"]
[WhiteElo "2050"]
[BlackElo "2190"]
[Result "1-0"]
[Round "1"]
1.e4 e5
2.Ng1f3 Qd8f6
3.Bf1c4 h6
4.d4 exd4
5.e5 Qf6f5
6.O-O Nb8c6
7.c3 Nc6xe5
8.Nf3xe5 Qf5xe5
9.Rf1e1 Qe5xe1
10.Qd1xe1 Bf8e7
11.cxd4 Ng8f6
12.Nb1c3 d6
13.Bc1f4 a6
14.h3 Bc8d7
15.Qe1e2 b5
16.Bc4b3 Bd7c6
17.Ra1e1 O-O
18.Bf4xh6 gxh6
19.Qe2xe7 Ra8e8
20.Qe7xf6 Re8xe1
21.Kh2 b4
22.Qf6g6 Kh8
23.Qg6xh6 Kg8
24.Bb3c2 f5
25.Bc2b3 Rf8f7
26.Qh6g6 Kh8
27.Bb3xf7 Re1h1
28.Kxh1 Bc6xg2
29.Kxg2 bxc3
30.Qg6g8 { resign }
1-0

[Event "Tourn. n9377"]
[Site "www.chess-mail.com"]
[Date "2017.07.09"]
[Round "1"]
[White "Jose"]
[Black "Conde7"]
[WhiteElo "2810"]
[BlackElo "2890"]
[Result "1/2-1/2"]
[Round "1"]
1.e4 e5
2.Ng1f3 Nb8c6
3.d4 exd4
4.Nf3xd4 Ng8f6
5.Nd4xc6 bxc6
6.e5 Qd8e7
7.Qd1e2 Nf6d5
8.c4 Bc8a6
9.b3 g6
10.f4 d6
11.Qe2f2 Nd5f6
12.Bf1e2 dxe5
13.O-O Nf6e4
14.Qf2f3 f5
15.Nb1c3 exf4
16.Nc3xe4 fxe4
17.Qf3xf4 Bf8g7
18.Bc1a3 Bg7d4
19.Kh1 c5
20.Ra1d1 O-O-O
21.b4 h5
22.bxc5 Rh8f8
23.Qf4d2 Rf8f2
24.Rf1xf2 Bd4xf2
25.Qd2b2 Rd8xd1
26.Be2xd1 Bf2h4
27.c6 Qe7e6
{ draw }
1/2-1/2

[Event "Tourn. n9411"]
[Site "www.chess-mail.com"]
[Date "2017.07.09"]
[Round "1"]
[White "Hundegana"]
[Black "Astroboy"]
[WhiteElo "2050"]
[BlackElo "2030"]
[Result "0-1"]
[Round "1"]
1.e4 c5
2.c4 g6
3.g3 Bf8g7
4.Bf1g2 Nb8c6
5.Ng1e2 e6
6.Nb1c3 Ng8e7
7.O-O d5
8.exd5 exd5
9.cxd5 Nc6b4
10.a3 Nb4xd5
11.Nc3xd5 Ne7xd5
12.Rf1e1 O-O
13.d3 Bc8e6
14.Bg2xd5 Be6xd5
15.Ne2f4 Bd5c6
16.Qd1c2 b6
17.Bc1e3 g5
18.Nf4h5 Qd8d5
19.Kf1 Qd5g2
20.Ke2 Bc6f3
21.Kd2 Bf3xh5
22.h4 Ra8d8
23.Re1g1 Qg2f3
24.hxg5 Bh5g6
25.Ra1d1 Bg6xd3
26.Qc2xd3 Rd8xd3
27.Kxd3 Bg7xb2
28.Kc2 Bb2xa3
29.Rd1a1 Qf3e2
30.Kb3 Qe2d3
31.Ka2 Ba3b4
32.Rg1d1 Qd3c4
33.Kb1 Qc4b3
34.Kc1 Qb3c4
35.Kb1 Bb4c3
36.Ra1xa7 Qc4b3
37.Kc1 Qb3b2
{ resign }
0-1

[Event "Tourn. n9433"]
[Site "www.chess-mail.com"]
[Date "2017.07.09"]
[Round "1"]
[White "Carebear"]
[Black "Fabos12"]
[WhiteElo "1809"]
[BlackElo "1920"]
[Result "1-0"]
[Round "1"]
1.d4 d5
2.c4 Ng8f6
3.cxd5 Qd8xd5
4.Ng1f3 Bc8f5
5.Nb1c3 Qd5a5
6.Bc1d2 Qa5b6
7.g3 Nb8c6
8.Nc3a4 Qb6a6
9.e4 b5
10.exf5 Qa6c8
11.Bf1xb5 Qc8b7
12.Na4c3 O-O-O
13.Bb5xc6 Qb7xc6
14.O-O h5
15.Nf3e5 Qc6e8
16.Qd1f3 c6
17.Qf3xc6 Qe8xc6
18.Ne5xc6 Rd8d7
19.Rf1c1 Kb7
20.Nc6a5 Ka6
21.Nc3e2 Nf6e4
22.Rc1c6 Kb5
23.a4 
1-0

[Event "Tourn. n9429"]
[Site "www.chess-mail.com"]
[Date "2017.07.09"]
[Round "1"]
[White "Guidom"]
[Black "Astroboy"]
[WhiteElo "2090"]
[BlackElo "2180"]
[Result "0-1"]
[Round "1"]
1.e4 c6
2.d4 d5
3.exd5 cxd5
4.Bc1f4 Nb8c6
5.c3 Ng8f6
6.Ng1f3 Bc8g4
7.Bf1e2 e6
8.O-O Bf8d6
9.Bf4g5 O-O
10.Nb1d2 h6
11.Bg5h4 Bg4f5
12.Nd2b3 a5
13.a4 g5
14.Bh4g3 Bd6xg3
15.hxg3 Nf6g4
16.Qd1d2 Kg7
17.Nb3c5 b6
18.Nc5d3 Rf8h8
19.Nd3e5 Ng4xe5
20.Nf3xe5 Nc6xe5
21.dxe5 g4
22.Qd2d4 h5
23.f4 h4
24.gxh4 Qd8xh4
25.Rf1d1 g3
26.Be2f3 Qh4h1
{ resign }
0-1

[Event "Match"]
[Site "www.echecsemail.com"]
[Date "2017.07.09"]
[Round "1"]
[White "Joseph1983"]
[Black "Micheles"]
[WhiteElo "2190"]
[BlackElo "2490"]
[Result "0-1"]
[Round "1"]
1.Ng1f3 Ng8f6
2.d3 d5
3.Bc1g5 e6
4.g3 h6
5.Bg5xf6 Qd8xf6
6.c3 Bf8e7
7.Bf1g2 Bc8d7
8.Nb1d2 Nb8c6
9.Qd1c2 g5
10.Nd2b3 e5
11.Nf3d2 Bd7e6
12.c4 dxc4
13.Bg2xc6 bxc6
14.Nd2xc4 O-O
15.h4 Be7b4
16.Nb3d2 e4
17.hxg5 Qf6xg5
18.O-O-O exd3
19.exd3 Ra8b8
20.f4 Qg5g7
21.Nd2e4 Be6xc4
22.dxc4 Rf8e8
23.Ne4f2 Bb4c5
24.Nf2d3 Bc5d4
25.Rh1h5 Re8e3
26.Rd1h1 Bd4xb2
27.Kd2 Qg7d4
28.Rh5xh6 Re3xd3
{ resign }
0-1

[Event "Match"]
[Site "www.echecsemail.com"]
[Date "2017.07.09"]
[Round "1"]
[White "Olivia"]
[Black "Karlgrocer"]
[WhiteElo "999"]
[BlackElo "2020"]
[Result "0-1"]
[Round "1"]
1.e4 c5
2.Ng1f3 d6
3.e5 dxe5
4.Bf1b5 Bc8d7
5.Bb5xd7 Nb8xd7
6.Qd1e2 Qd8c7
7.O-O g6
8.d3 Bf8g7
9.Nb1c3 a6
10.Bc1g5 f6
11.Bg5e3 Ng8h6
 { time }
0-1

[Event "Match"]
[Site "www.echecsemail.com"]
[Date "2017.07.09"]
[Round "1"]
[White "Olivia"]
[Black "Bjonil60"]
[WhiteElo "999"]
[BlackElo "1480"]
[Result "0-1"]
[Round "1"]
1.e4 e5
2.Ng1f3 Nb8c6
3.d4 d6
4.Bf1b5 Bc8d7
5.d5 Nc6e7
6.Nb1c3 Bd7xb5
7.Nc3xb5 Qd8d7
8.Nf3g5 O-O-O
9.Bc1e3 f6
10.Nb5xa7 Kb8
11.O-O h6
 { time }
0-1

[Event "Match"]
[Site "www.echecsemail.com"]
[Date "2017.07.09"]
[Round "1"]
[White "Pinehill"]
[Black "Winston"]
[WhiteElo "2010"]
[BlackElo "1940"]
[Result "1-0"]
[Round "1"]
1.e4 e6
2.d4 d5
3.Nb1d2 Ng8f6
4.e5 Nf6d7
5.Ng1f3 c5
6.c3 Nb8c6
7.Bf1d3 c4
8.Bd3c2 Bf8e7
9.Nd2f1 Qd8b6
10.b4 cxb3
11.axb3 h6
12.Nf1g3 Nd7b8
13.O-O Nb8a6
14.Qd1d3 Bc8d7
15.Bc1a3 Be7xa3
16.Ra1xa3 Na6c7
17.c4 Qb6b4
18.Ra3a4 Qb4e7
19.cxd5 exd5
20.Ng3f5 Nc6b4
21.Nf5xe7 Nb4xd3
22.Ne7xd5 Nc7xd5
23.Bc2xd3 Bd7xa4
24.bxa4 { time. }
1-0

[Event "Match"]
[Site "www.echecsemail.com"]
[Date "2017.07.09"]
[Round "1"]
[White "Bjonil60"]
[Black "Azorau"]
[WhiteElo "1480"]
[BlackElo "1840"]
[Result "0-1"]
[Round "1"]
1.Nb1c3 e5
2.e3 Nb8c6
3.d3 Bf8b4
4.Bc1d2 Ng8f6
5.Qd1e2 O-O
6.O-O-O Rf8e8
7.Ng1f3 d5
8.g3 Bb4xc3
9.Bd2xc3 d4
10.Bc3d2 e4
11.Nf3e1 Bc8g4
12.f3 exf3
13.Ne1xf3 dxe3
14.Bd2xe3 Nc6d4
15.Be3xd4 Re8xe2
16.Bf1xe2 Bg4xf3
17.Be2xf3 Qd8xd4
18.c3 Qd4e3
19.Rd1d2 Qe3xf3
20.d4 Qf3xh1
21.Kc2 Nf6e4
22.Rd2e2 Ra8e8
23.Kd3 Qh1b1
24.Re2c2 Ne4f2
25.Kd2 Qb1d1

0-1

[Event "Match"]
[Site "www.echecsemail.com"]
[Date "2017.07.09"]
[Round "1"]
[White "Liencam2"]
[Black "Winston"]
[WhiteElo "2260"]
[BlackElo "1910"]
[Result "1-0"]
[Round "1"]
1.e4 e6
2.d4 d5
3.Nb1d2 Ng8f6
4.e5 Nf6d7
5.Bf1d3 c5
6.c3 c4
7.Bd3b1 Nb8c6
8.Ng1e2 Bf8e7
9.O-O b5
10.Ne2g3 { time. }
1-0

[Event "1/8 Finale"]
[Site "www.chess-mail.com"]
[Date "2017.07.09"]
[Round "1"]
[White "Vega"]
[Black "Asoka"]
[WhiteElo "2590"]
[BlackElo "2720"]
[Result "0-1"]
[Round "1"]
1.e4 c5
2.Ng1f3 d6
3.d4 cxd4
4.Nf3xd4 Ng8f6
5.Nb1c3 a6
6.Nd4f3 Nb8d7
7.a4 b6
8.Bf1c4 Qd8c7
9.Qd1e2 e6
10.O-O Bc8b7
11.Nf3d4 Nd7c5
12.f3 Bf8e7
13.b4 Nc5d7
14.Bc1b2 O-O
15.Bc4xe6 fxe6
16.Nd4xe6 Qc7c8
17.Ne6xf8 Qc8xf8
18.b5 a5
19.Kh1 Ra8e8
20.Qe2c4 Kh8
21.Ra1c1 Re8c8
22.Qc4d4 Qf8f7
23.Rf1e1 Kg8
24.Rc1b1 h6
25.Qd4e3 Nf6h5
26.Nc3e2 Be7g5
27.Qe3a3 d5
28.e5 Nh5f4
29.Ne2xf4 Bg5xf4
30.e6 Qf7h5
31.h3 Nd7c5
32.Bb2d4 Qh5g6
33.e7 Rc8e8
34.Bd4xc5 bxc5
35.Qa3xc5 d4
36.Qc5c4 Kh8
37.Qc4d3 Qg6g3
38.Kg1 Qg3h2
39.Kf1 Bf4e3
40.Re1xe3 Qh2h1
41.Kf2 dxe3
42.Kg3 Qh1xb1
43.Qd3d7 Bb7c6
44.bxc6 Qb1b8
45.c7 Qb8c8
46.Qd7d8 Kh7
47.Qd8d3 g6
48.Qd3d8 g5
49.Qd8d6 Kg7
50.f4 gxf4
51.Kxf4 e2
52.Qd6e5 Kf7
53.Qe5h5 Kxe7
54.Qh5xe2 Kf8
55.Qe2d3 Qc8xc7
56.Kg4 Re8e5
57.Kf3 Re5c5
{ resign }
0-1

[Event "Tourn. n9429"]
[Site "www.chess-mail.com"]
[Date "2017.07.10"]
[Round "1"]
[White "Astroboy"]
[Black "Orhany24"]
[WhiteElo "2160"]
[BlackElo "2190"]
[Result "1-0"]
[Round "1"]
1.c4 c5
2.Nb1c3 Nb8c6
3.g3 f5
4.Bf1g2 Ng8f6
5.e3 e6
6.Ng1e2 d5
7.b3 Bf8e7
8.Bc1b2 O-O
9.d3 d4
10.Nc3a4 e5
11.Bg2xc6 bxc6
12.Qd1d2 a5
13.O-O Bc8e6
14.Ra1e1 Qd8d7
15.Bb2a3 Qd7c7
16.Ba3xc5 Be7xc5
17.Na4xc5 Be6c8
18.exd4 exd4
19.Ne2xd4 Qc7d6
20.Nd4e6 { resign }
1-0

[Event "Tourn. n9416"]
[Site "www.chess-mail.com"]
[Date "2017.07.10"]
[Round "1"]
[White "Hundegana"]
[Black "Guidom"]
[WhiteElo "2040"]
[BlackElo "2120"]
[Result "1/2-1/2"]
[Round "1"]
1.Nb1c3 d5
2.d4 c6
3.Ng1f3 Bc8f5
4.a3 Ng8f6
5.h3 e6
6.Nf3h4 Bf5g6
7.Nh4xg6 hxg6
8.Bc1g5 Bf8e7
9.e3 Nb8d7
10.b3 Qd8a5
11.b4 Be7xb4
12.axb4 Qa5xb4
13.Qd1d2 Rh8h5
14.Bg5xf6 Nd7xf6
15.f3 e5
16.Ra1b1 Qb4a5
17.Rb1xb7 e4
18.f4 Nf6d7
19.g4 Rh5h4
20.Kf2 Nd7b6
21.Kg3 Rh4h6
22.h4 Qa5a3
23.Rb7c7 Qa3d6
24.Rc7b7 g5
25.h5 gxf4
26.exf4 g5
27.Bf1e2 f6
28.Rh1f1 Rh6h8
29.Kh3 Qd6e6
30.fxg5 Rh8xh5
31.Kg3 Rh5xg5
32.Rb7h7 Nb6c4
33.Qd2f4 Ra8c8
34.Rh7xa7 Nc4d6
35.Ra7h7 Nd6f7
36.Qf4xf6 Qe6xf6
37.Rf1xf6 Rc8c7
38.Kh4 Rg5g8
39.Rf6e6 Kf8
40.Nc3a4 Rc7a7
41.Na4c5 Rg8g7
42.Rh7xg7 Kxg7
43.Re6xc6 { draw }
1/2-1/2

[Event "Tourn. n9394"]
[Site "www.chess-mail.com"]
[Date "2017.07.10"]
[Round "1"]
[White "Comrade"]
[Black "Numanoid"]
[WhiteElo "2270"]
[BlackElo "2470"]
[Result "1-0"]
[Round "1"]
1.c4 e5
2.Nb1c3 Ng8f6
3.g3 c6
4.Bf1g2 d5
5.cxd5 cxd5
6.e3 d4
7.exd4 exd4
8.Nc3e4 Nf6xe4
9.Bg2xe4 Nb8c6
10.Ng1e2 Bf8c5
11.O-O O-O
{ time. }
1-0

[Event "Tourn. n9431"]
[Site "www.chess-mail.com"]
[Date "2017.07.10"]
[Round "1"]
[White "Osmundw"]
[Black "Dussek"]
[WhiteElo "1430"]
[BlackElo "1499"]
[Result "0-1"]
[Round "1"]
1.e4 e5
2.g3 Ng8f6
3.d3 Nb8c6
4.Bc1g5 Bf8e7
5.f4 d6
6.Bf1h3 O-O
7.Nb1c3 h6
8.fxe5 dxe5
9.Bg5e3 b6
10.Nc3d5 Nf6xd5
11.exd5 Nc6a5
12.b4 Be7xb4
13.c3 Bb4xc3
14.Be3d2 Bc3xa1
15.Qd1xa1 Rf8e8
16.Ng1e2 Bc8xh3
17.Qa1c3 Qd8xd5
18.Ne2f4 exf4
19.Bd2e3 Qd5xh1
20.Kf2 fxe3
21.Ke2 Qh1f1
{ resign }
0-1

[Event "Tourn. n9422"]
[Site "www.chess-mail.com"]
[Date "2017.07.10"]
[Round "1"]
[White "Pachi"]
[Black "Cal"]
[WhiteElo "1550"]
[BlackElo "1620"]
[Result "0-1"]
[Round "1"]
1.e4 c5
2.c3 a6
3.Ng1f3 Nb8c6
4.Bf1c4 e6
5.d4 d5
6.exd5 exd5
7.Bc4d3 c4
8.Bd3e2 h6
9.O-O Ng8f6
10.Rf1e1 Bf8d6
11.Be2xc4 Nc6e7
12.Bc4b3 O-O
13.c4 dxc4
14.Bb3xc4 b5
15.Bc4d3 Bc8b7
16.a4 b4
17.b3 Bb7xf3
18.Qd1xf3 Ne7d5
19.Bd3e4 Nf6xe4
20.Qf3xe4 Nd5f6
21.Qe4f5 Qd8c7
22.Bc1b2 a5
23.d5 Qc7c5
24.Bb2xf6 gxf6
25.Qf5xf6 Kh7
26.Qf6f5 Kg7
27.Nb1d2 f6
28.Re1e6 Bd6e5
29.Ra1e1 Be5c3
30.Nd2e4 Qc5d4
31.Re1d1 Qd4xd1
{ resign }
0-1

[Event "Tourn. n9441"]
[Site "www.chess-mail.com"]
[Date "2017.07.10"]
[Round "1"]
[White "Ranjachess"]
[Black "Griffo30"]
[WhiteElo "1850"]
[BlackElo "2070"]
[Result "0-1"]
[Round "1"]
1.d4 Ng8f6
2.Nb1c3 d5
3.h3 Bc8f5
4.Bc1f4 e6
5.a3 c5
6.Bf4xb8 Ra8xb8
7.e3 a6
8.dxc5 Bf8xc5
9.g4 Bf5g6
10.Qd1d2 b5
11.f4 h6
12.Ng1f3 Qd8b6
13.Nf3d4 Nf6e4
14.Nc3xe4 Bg6xe4
15.Rh1g1 O-O
16.O-O-O b4
17.a4 b3
18.c3 Qb6a5
19.Bf1d3 Qa5xa4
20.Qd2e2 Qa4a1
21.Kd2 Qa1xb2
22.Ke1 Qb2xc3
23.Qe2d2 Qc3xd3
24.Qd2b2 Qd3xe3
25.Kf1 Be4d3
26.Rd1xd3 Qe3xd3
27.Nd4e2 Qd3f3
28.Ke1 Bc5b4
29.Kd1 Qf3d3
30.Kc1 Rf8c8
31.Ne2c3 Rc8xc3
32.Qb2xc3 Bb4xc3
33.Rg1g2 Qd3e3
34.Kb1 Qe3e1

0-1

[Event "Match"]
[Site "www.echecsemail.com"]
[Date "2017.07.10"]
[Round "1"]
[White "Cal"]
[Black "Cjood"]
[WhiteElo "1640"]
[BlackElo "1850"]
[Result "0-1"]
[Round "1"]
1.c4 g6
2.Nb1c3 Bf8g7
3.e4 d6
4.h3 Ng8f6
5.d3 a6
6.Ng1f3 c5
7.Bf1e2 Nb8c6
8.O-O e6
9.a3 Bc8d7
10.b3 Qd8c7
11.Bc1e3 b6
12.b4 cxb4
13.axb4 Nc6xb4
14.d4 b5
15.c5 dxc5
16.dxc5 Nf6h5
17.Nf3g5 Bg7xc3
18.Ra1b1 h6
19.Be2xh5 hxg5
20.Bh5g4 O-O-O
21.Qd1d6 Qc7xd6
22.cxd6 Nb4c6
23.Be3b6 Rd8e8
24.Rf1c1 Bc3e5
25.Rb1a1 Kb7
26.Bb6c5 Be5xa1
27.Rc1xa1 Re8c8
28.Bg4e2 e5
29.Ra1b1 Nc6a7
30.Bc5e3 f6
31.Be3xa7 Kxa7
32.f3 Rc8c2
33.Kf1 Kb6
34.Kf2 f5
35.exf5 Bd7xf5
36.Rb1d1 Rh8d8
37.Rd1d5 Kc6
38.Rd5xe5 Rd8xd6
39.Ke3 Rd6e6
40.Re5xe6 Bf5xe6
41.Be2d3 Rc2c3
42.Kd4 Rc3c1
43.Bd3xg6 a5
44.g3 Be6xh3
45.g4 a4
46.Ke5 a3
47.Bg6f7 Rc1c3
48.Kf5 Rc3xf3
49.Kg6 Rf3xf7
{ resign }
0-1

[Event "Match"]
[Site "www.echecsemail.com"]
[Date "2017.07.10"]
[Round "1"]
[White "Cjood"]
[Black "Bojan"]
[WhiteElo "2080"]
[BlackElo "1930"]
[Result "1-0"]
[Round "1"]
1.c4 Ng8f6
2.Nb1c3 b6
3.f3 d5
4.cxd5 Bc8b7
5.e4 a6
6.d4 h6
7.Bc1e3 Nf6h7
8.Bf1d3 g6
9.Ng1e2 Bf8g7
10.Qd1a4 Nb8d7
11.e5 O-O
12.f4 Nd7b8
13.O-O Bb7xd5
14.Nc3xd5 Qd8xd5
15.Ne2g3 Qd5e6
16.f5 Qe6c8
17.fxg6 fxg6
18.Bd3xg6 Qc8g4
19.Qa4c4 Kh8
20.Rf1xf8 Nh7xf8
21.Bg6f5 Qg4h4
22.Qc4xc7 e6
23.Bf5e4 Nb8d7
24.Be4xa8 Qh4e7
25.Ba8f3 Qe7b4
26.b3 a5
27.Ng3h5 Qb4b5
28.Bf3c6 Qb5e2
29.Be3f4 Qe2xh5
30.Bc6xd7 Qh5f7
31.Ra1f1 Nf8xd7
32.Bf4xh6 Qf7e8
33.Bh6xg7 Kxg7
34.g4 Kg6
35.h4 Qe8e7
36.Rf1f6 Kg7
37.g5 Qe7e8
38.h5 Kg8
39.g6 b5
40.h6 a4
41.Rf6f7 axb3
42.axb3 Nd7f8
43.Rf7xf8 Qe8xf8
44.Qc7h7 
1-0

[Event "Match"]
[Site "www.echecsemail.com"]
[Date "2017.07.10"]
[Round "1"]
[White "Claymil"]
[Black "Coraza8091"]
[WhiteElo "2030"]
[BlackElo "1450"]
[Result "1-0"]
[Round "1"]
1.c4 e5
2.Nb1c3 Ng8f6
3.g3 Nb8c6
4.Bf1g2 Nc6a5
5.b3 c6
6.Bc1b2 Bf8b4
7.a3 Bb4e7
8.d3 Qd8b6
9.b4 Be7xb4
10.axb4 Qb6xb4
11.Qd1c2 Na5b3
12.Ra1a4 Qb4b6
13.Bb2a3 Nb3d4
14.Qc2d1 Nf6g4
15.Ng1f3 Nd4e6
16.O-O Qb6d8
17.h3 Ng4f6
18.Nf3xe5 Qd8c7
19.d4 d6
20.Ne5f3 Bc8d7
21.Ra4b4 a5
22.Rb4b2 h5
23.e4 b5
24.cxb5 c5
25.d5 Ne6f8
26.Qd1e2 Qc7c8
27.Kh2 Nf8g6
28.Nf3g5 O-O
29.f4 Ng6e7
30.f5 g6
31.g4 Kg7
32.Bg2f3 h4
33.Bf3g2 Kh6
34.Qe2e3 Kg7
35.Qe3f2 Rf8h8
36.fxg6 Ne7xg6
37.Qf2xf6 Kh6
38.Ng5xf7 Kh7
39.Nf7xh8 Ng6xh8
40.Qf6xh4 Kg8
41.Qh4g5 Kh7
42.Qg5e7 Kg8
43.Rb2f2 Nh8g6
44.Qe7xd6 Ra8b8
45.Qd6xg6 Kh8
46.Rf2f7 { resign }
1-0

[Event "Match"]
[Site "www.echecsemail.com"]
[Date "2017.07.10"]
[Round "1"]
[White "Gilliere"]
[Black "Olivia"]
[WhiteElo "2150"]
[BlackElo "999"]
[Result "1-0"]
[Round "1"]
1.e4 d5
2.exd5 Qd8xd5
3.Nb1c3 Qd5e5
4.Qd1e2 Nb8c6
5.Qe2xe5 Nc6xe5
6.d4 Ne5c6
7.d5 Nc6d4
8.Bf1d3 e5
9.dxe6 Bc8xe6
10.Ng1e2 Nd4xe2
11.Nc3xe2 Bf8b4
12.c3  { time }
1-0

[Event "Match"]
[Site "www.echecsemail.com"]
[Date "2017.07.10"]
[Round "1"]
[White "Cjood"]
[Black "Bojan"]
[WhiteElo "2080"]
[BlackElo "1930"]
[Result "1-0"]
[Round "1"]
1.e4 e5
2.Ng1f3 Nb8c6
3.Bf1c4 Qd8f6
4.O-O Bf8e7
5.c3 Qf6g6
6.Rf1e1 d6
7.d4 Bc8h3
8.Nf3h4 Be7xh4
9.g3 Bh4f6
10.d5 Nc6a5
11.Bc4d3 b6
12.f4 Na5b7
13.Bd3e2 a6
14.f5 Qg6xg3
15.hxg3 Ng8e7
16.Qd1d3 h5
17.Nb1d2 g5
18.Qd3c4 Nb7c5
19.a4 Kd7
20.b4 Nc5b7
21.Nd2f3 Rh8g8
22.Nf3h2 Rg8h8
23.Bc1e3 a5
24.Qc4b5 Kc8
25.bxa5 Ra8xa5
26.Qb5b4 Kd7
27.Be3xb6 cxb6
28.Qb4xb6 Rh8b8
29.Be2xh5 Ne7c8
30.Qb6c6 Kd8
31.Re1b1 Ra5c5
32.Qc6a6 Rc5c7
33.Qa6d3 Nb7c5
34.Qd3c2 Rb8a8
35.Bh5xf7 Rc7xf7
36.a5 Rf7c7
37.c4 Ke8
38.Rb1b5 Rc7a7
39.Qc2d1 Kf8
40.Qd1h5 g4
41.Qh5g6 Nc5d7
42.Nh2xg4 Bh3xg4
43.Qg6xg4 Bf6d8
44.Kg2 Nd7f6
45.Qg4h4 Kg8
46.Ra1b1 Ra7h7
47.Qh4g5 Rh7g7
48.Qg5e3 Bd8xa5
49.Rb5b8 Ra8xb8
50.Rb1xb8 Rg7c7
51.Qe3g5 Kf7
52.Qg5g6 Ke7
53.Qg6g7 Kd8
54.Qg7xf6 Kd7
55.Qf6e6 Kd8
56.Qe6xd6 Rc7d7
57.Qd6f8 Kc7
58.Qf8xc8 { resign }
1-0

[Event "Match"]
[Site "www.echecsemail.com"]
[Date "2017.07.10"]
[Round "1"]
[White "Osvalazo"]
[Black "Paco"]
[WhiteElo "1810"]
[BlackElo "1970"]
[Result "1-0"]
[Round "1"]
1.Ng1f3 d5
2.d4 Nb8c6
3.Nb1c3 Bc8f5
4.a3 e6
5.Bc1g5 f6
6.Bg5f4 g5
7.Bf4g3 g4
8.Nf3h4 Qd8d7
9.Nc3b5 Bf8d6
10.Qd1d2 a6
11.Nb5c3 O-O-O
12.e3 Bd6xg3
13.hxg3 Qd7d6
14.Nc3a4 Bf5e4
15.b4 e5
16.b5 axb5
17.Bf1xb5 exd4
18.Bb5xc6 Qd6xc6
19.Qd2a5 Be4xc2
20.Na4b2 Rd8e8
21.O-O dxe3
22.fxe3 Bc2e4
23.Ra1c1 Ng8e7
24.Rc1xc6 Ne7xc6
25.Qa5a8 Kd7
26.Qa8a4 Re8a8
27.Qa4b3 Nc6a5
28.Qb3d1 Rh8f8
29.Qd1xg4 Kc6
30.Rf1c1 Kb6
31.Qg4e6 c6
32.Nb2a4 Ka6
33.Na4c5 Ka7
34.Nc5xe4 dxe4
35.Qe6xe4 h5
36.Rc1c5 Kb6
37.Qe4d4 Rf8d8
38.Qd4b4 Kc7
39.Rc5xa5 Ra8b8
{ time. }
1-0

[Event "Match"]
[Site "www.echecsemail.com"]
[Date "2017.07.10"]
[Round "1"]
[White "Cjood"]
[Black "Caspito"]
[WhiteElo "1980"]
[BlackElo "1950"]
[Result "1-0"]
[Round "1"]
1.e4 e5
2.Ng1f3 Nb8c6
3.Bf1c4 Bf8c5
4.c3 Ng8f6
5.d3 Nf6g4
6.O-O d6
7.d4 Bc5b6
8.Bc1g5 f6
9.Bg5h4 Nc6a5
10.Bc4e2 g5
11.Bh4g3 h5
12.h4 Bc8e6
13.hxg5 fxg5
14.dxe5 Qd8e7
15.exd6 Qe7d7
16.Nf3xg5 O-O-O
17.dxc7 Bb6xc7
18.Qd1xd7 Be6xd7
19.Ng5f7 Bc7xg3
20.fxg3 Ng4e3
21.Nf7xh8 Rd8xh8
22.b4 Ne3xf1
23.bxa5 Nf1xg3
24.Be2f3 h4
25.Nb1d2 Rh8g8
26.Kh2 Kc7
27.Nd2c4 Bd7e6
28.Nc4e3 Kc6
29.e5 Kc7
30.Bf3d5 Be6xd5
31.Ne3xd5 Kd8
32.Ra1d1 Rg8g7
33.e6 Ke8
34.Kh3 Ng3e4
35.Rd1f1 Rg7g3
36.Kxh4 Rg3xg2
37.Kh3 Rg2xa2
38.e7 Ne4g5
39.Kh4 Ng5e6
40.Rf1f6 Ra2e2
41.Kg4 Re2e5
42.c4 Ne6g7
43.Kf4 Re5e6
44.Rf6f8 Kd7
45.Rf8f7 Ng7e8
46.Kf5 Ne8d6
47.Kg5 { resign }
1-0

[Event "Match"]
[Site "www.echecsemail.com"]
[Date "2017.07.10"]
[Round "1"]
[White "Joseph1983"]
[Black "Juodivarnai"]
[WhiteElo "2180"]
[BlackElo "2090"]
[Result "1-0"]
[Round "1"]
1.d4 d5
2.c4 c6
3.cxd5 cxd5
4.Nb1c3 Ng8f6
5.Bc1f4 e6
6.e3 Bf8d6
7.Bf4xd6 Qd8xd6
8.Bf1b5 Nb8c6
9.Ng1e2 O-O
10.f3 Bc8d7
11.e4 dxe4
12.fxe4 Qd6c7
13.h3 a6
14.Bb5d3 Ra8d8
15.O-O Bd7c8
16.Ra1c1 Qc7b6
17.Nc3a4 Qb6a7
18.Na4c5 Nc6xd4
19.Ne2xd4 Rd8xd4
20.e5 Nf6d7
21.Bd3xh7 Kxh7
22.Qd1xd4 Nd7xc5
23.Rc1xc5 Bc8d7
24.b4 Bd7c6
25.Rf1f4 Qa7b6
26.Rf4h4 Kg8
27.Qd4d3 g6
28.Qd3d2 a5
29.Qd2h6 { resign }
1-0

[Event "1/16 Finale"]
[Site "www.chess-mail.com"]
[Date "2017.07.10"]
[Round "1"]
[White "Danquigley"]
[Black "George1955"]
[WhiteElo "2540"]
[BlackElo "2750"]
[Result "1/2-1/2"]
[Round "1"]
1.e4 e5
2.Ng1f3 Nb8c6
3.Bf1b5 a6
4.Bb5a4 Ng8f6
5.d3 d6
6.c3 g6
7.O-O Bf8g7
8.h3 O-O
9.Bc1e3 Qd8e7
10.Nb1d2 b5
11.Ba4c2 Bc8d7
12.Rf1e1 Rf8e8
13.a4 b4
14.Bc2b3 Ra8b8
15.a5 Rb8b5
16.Bb3a4 Rb5b7
17.Qd1c2 Re8b8
18.Ba4xc6 Bd7xc6
19.cxb4 Bc6d7
20.d4 Nf6e8
21.dxe5 Rb7xb4
22.Be3d4 Bg7xe5
23.Bd4c3 Be5xc3
24.bxc3 Rb4b2
25.Qc2d3 Bd7b5
26.c4 Bb5c6
27.c5 dxc5
28.Qd3xa6 Bc6b5
29.Qa6a7 Bb5c6
30.Re1c1 Rb2b5
31.Nf3d4 cxd4
32.Rc1xc6 Qe7b4
33.Nd2f3 d3
34.Qa7e3 Rb5xa5
35.Ra1xa5 Qb4xa5
36.Qe3xd3 Ne8g7
37.g3 Ng7e6
38.Kg2 Rb8b6
39.Rc6c2 { draw }
1/2-1/2

[Event "1/32 Finale"]
[Site "www.chess-mail.com"]
[Date "2017.07.10"]
[Round "1"]
[White "Llord"]
[Black "Redapond1"]
[WhiteElo "1980"]
[BlackElo "1850"]
[Result "1-0"]
[Round "1"]
1.e4 b6
2.d4 Bc8b7
3.Nb1c3 d6
4.d5 Ng8f6
5.Bf1d3 g6
6.Ng1f3 Bf8g7
7.O-O O-O
8.Bc1g5 h6
9.Bg5h4 g5
10.Bh4g3 Nb8d7
11.h3 g4
12.hxg4 Nf6xg4
13.Nf3h4 e6
14.Qd1xg4 Qd8g5
15.Qg4xg5 hxg5
16.Nh4f3 e5
17.Nf3xg5 Bg7h6
18.Bg3h4 Nd7c5
19.Ng5f3 Nc5xd3
20.cxd3 c6
21.dxc6 Bb7xc6
22.Nf3h2 Bh6g7
23.Nh2g4 f5
24.exf5 Rf8xf5
25.Ng4e3 Rf5h5
26.Bh4g3 Kf7
27.Ne3c4 Ra8h8
28.f3 Rh5h1
29.Kf2 Rh1h6
30.a4 Bg7f6
31.Nc4xd6 Ke6
32.Nd6e4 Rh8d8
33.Ne4xf6 Kxf6
34.Nc3e4 Kf5
35.Rf1h1 Rh6g6
36.Rh1h5 Ke6
37.Rh5xe5 Kf7
38.Ra1h1 Rd8xd3
39.Rh1h7 Rg6g7
40.Rh7xg7 Kxg7
41.Re5e7 Kf8
42.Re7xa7 Bc6xe4
43.fxe4 Rd3d2
44.Kf3 Rd2xb2
45.Bg3d6 Ke8
46.e5 Rb2b3
47.Ke4 Rb3g3
48.e6 { resign }
1-0

[Event "Tourn. n9345"]
[Site "www.chess-mail.com"]
[Date "2017.07.11"]
[Round "1"]
[White "Kazooie"]
[Black "Falcoale"]
[WhiteElo "1970"]
[BlackElo "1920"]
[Result "0-1"]
[Round "1"]
1.c4 Ng8f6
2.d4 e6
3.Nb1c3 b6
4.e4 Bc8b7
5.Bf1d3 Bf8b4
6.Ng1e2 O-O
7.O-O Nb8c6
8.Qd1c2 Rf8e8
9.Bc1g5 d6
10.d5 Nc6e5
11.a3 Ne5xd3
12.Qc2xd3 e5
13.axb4 h6
14.Bg5xf6 Qd8xf6
15.Nc3b5 Qf6e7
16.Nb5xa7 Qe7d7
17.Na7b5 Bb7a6
18.Ra1a3 Ba6xb5
19.cxb5 Ra8b8
20.Qd3c4 Re8c8
21.Qc4c6 Qd7xc6
22.bxc6 Kf8
23.b5 Rb8a8
24.Ne2g3 f6
25.Ng3f5 Ra8xa3
26.bxa3 Rc8a8
27.Rf1a1 Ra8a4
28.f3 Kf7
{ resign }
0-1

[Event "Tourn. n9429"]
[Site "www.chess-mail.com"]
[Date "2017.07.11"]
[Round "1"]
[White "Xkafi"]
[Black "Astroboy"]
[WhiteElo "2050"]
[BlackElo "2160"]
[Result "0-1"]
[Round "1"]
1.e4 c6
2.Bf1c4 d5
3.exd5 cxd5
4.Bc4b3 Nb8c6
5.Ng1f3 e5
6.d3 Bc8g4
7.O-O Ng8f6
8.Rf1e1 Bf8d6
9.Bc1g5 O-O
10.Bb3xd5 Bd6b4
11.Bd5xc6 Bb4xe1
12.Qd1xe1 bxc6
13.Nb1d2 Bg4xf3
14.Nd2xf3 Rf8e8
15.Nf3xe5 Qd8d4
{ resign }
0-1